| 000 | 00424nam a2200133Ia 4500 | ||
|---|---|---|---|
| 005 | 20251222144902.0 | ||
| 008 | 251222s9999||||xx |||||||||||||| ||spa|| | ||
| 020 | _a9972-57-104-1 | ||
| 082 | _a382.485/G72 | ||
| 100 | _aGonzález Vigil, Fernando | ||
| 245 | 0 | _aTópicos de Negociaciones Comerciales Internacionales: Metodologías y Aplicaciones Relevantes para el Perú | |
| 264 | _bUniversidad del Pacífico | ||
| 942 | _cLIB | ||
| 999 |
_c22031 _d22031 |
||